000 00722nam a2200205 i 4500
001 84851
003 ES-MaACL
007 t|
008 041124s1983 ag ||||1| spa d
100 1 _aZinsser, Hans.
_9118292
245 1 0 _aMicrobiología /
_cHans Zinsser ; [editores] Wolfgangf K. Joklik , Hilda P. Willett, Bernard Amos ; [traducción por Nora Graciela Meeroff].
250 _a17ª ed.
260 _aBuenos Aires :
_bEditorial Médica Panamericana,
_c1983.
300 _a1413 p., 2 lám. :
_bil. ;
_c26 cm.
700 1 _aJoklik, Wolfgang K.
_966790
700 1 _aWillett, Hilda P.
_9116898
700 1 _aAmos, Bernard.
_921329
700 1 _aMeeroff, Nora Graciela.
_979796
852 _aES-MaACL
_jL-6217
_bR.107027
999 _c84851
_d84851